[Event "Adelboden Swiss Alpine op"]
[Site "Adelboden"]
[Date "2023.11.26"]
[Round "4"]
[White "Eccleston, Bryony"]
[Black "Spada, Yunfan"]
[Result "1-0"]
[WhiteElo "1181"]
[BlackElo "1593"]
[PlyCount "91"]
[EventDate "2023.11.24"]
[EventType "swiss"]
[EventRounds "5"]
[EventCountry "SUI"]
[SourceTitle "CB50_2023"]
[SourceDate "2023.12.13"]
[SourceVersion "1"]
[SourceVersionDate "2023.12.13"]
[SourceQuality "1"]

1. e4 d5 2. exd5 Nf6 3. Nf3 Qxd5 4. Nc3 Qd6 5. d4 a6 6. Bd3 Bg4 7. h3 Bh5 8. 0-0 Nc6 9. Na4 Nxd4 10. g4 Nxf3+ 11. Qxf3 Bg6 12. Qxb7 Qd5 13. Qxc7 Nd7 14. Bxa6 e6 15. Bb7 Qa5 16. Qc6 Rb8 17. Bc8 Qd8 18. Bb7 Bxc2 19. b3 Be7 20. Bf4 e5 21. Be3 0-0 22. Ba7 Rxb7 23. Qxb7 Nf6 24. Rac1 Be4 25. Qc7 Qe8 26. Qxe5 Qd7 27. Bc5 Re8 28. Rfd1 Bxc5 29. Rxd7 Bxf2+ 30. Kxf2 Rxe5 31. Rc8+ Ne8 32. Rdd8 Kf8 33. Nb6 Re6 34. Nd7+ Ke7 35. Rxe8+ Kxd7 36. Rxe6 fxe6 37. Rc1 Bd5 38. Ke3 e5 39. Rd1 Kc6 40. Rxd5 Kxd5 41. a4 g6 42. b4 h6 43. g5 Kc4 44. a5 Kb5 45. Ke4 Kxb4 46. a6 1-0

[Event "Adelboden Swiss Alpine op"]
[Site "Adelboden"]
[Date "2023.11.25"]
[Round "2"]
[White "Pfrunder, Emil"]
[Black "Spada, Yunfan"]
[Result "0-1"]
[WhiteElo "1192"]
[BlackElo "1593"]
[PlyCount "42"]
[EventDate "2023.11.24"]
[EventType "swiss"]
[EventRounds "5"]
[EventCountry "SUI"]
[SourceTitle "CB50_2023"]
[SourceDate "2023.12.13"]
[SourceVersion "1"]
[SourceVersionDate "2023.12.13"]
[SourceQuality "1"]

1. e4 d5 2. Bd3 dxe4 3. Bxe4 Nf6 4. Bf3 e5 5. Nc3 Bc5 6. Nh3 Nc6 7. 0-0 Bxh3 8. gxh3 Qd7 9. Bg4 Nxg4 10. Qxg4 f5 11. Qh4 Nd4 12. Qg3 Bd6 13. Qd3 e4 14. Qc4 b5 15. Nxb5 Nxb5 16. Kh1 c6 17. Qe2 Nd4 18. Qc4 Nf3 19. Qe2 Be7 20. d3 Qd6 21. dxe4 Qxh2# 0-1